Economics : a very short introduction
Saved in:
| Main Author: | |
|---|---|
| Format: | Book |
| Language: | English |
| Published: |
Oxford ; New York :
Oxford University Press,
2007.
|
| Series: | Very short introductions
156 |
| Subjects: | |
| Tags: |
Add Tag
No Tags, Be the first to tag this record!
|
MARC
| LEADER | 00000cam a2200000 a 4500 | ||
|---|---|---|---|
| 001 | 1/106776 | ||
| 008 | 150605s2007####xxk|||||||||||||| ||eng|| | ||
| 020 | |a 9780192853455 | ||
| 040 | |a GR-MyUa |b gre |c GR-MyUa |e AACR2 | ||
| 041 | 0 | |a eng | |
| 082 | 7 | |a 330 |2 (23) | |
| 100 | 1 | |a Dasgupta, Partha. | |
| 245 | 1 | 0 | |a Economics : |b a very short introduction / |c Partha Dasgupta. |
| 260 | |a Oxford ; |a New York : |b Oxford University Press, |c 2007. | ||
| 300 | |a 172 σ. : |b εικ. ; |c 18 εκ. | ||
| 490 | 1 | |a (Very short introductions ; |v 156) | |
| 504 | |a Περιέχει βιβλιογραφικές αναφορές και ευρετήριο. | ||
| 650 | 0 | |a Economics. | |
| 830 | 0 | |a Very short introductions |v 156 | |
| 852 | |a INST |b LESVOS |e 20150605 |h 330 DAS |p 005100056900 |q 005100056900 |t BK |y 0 | ||
| 970 | |a Τσιλικλή |b Καλλιόπη |z 05-06-2015 | ||